00334cam a22000977a 4500008003600000082001100036245007400047260005400121300000900175700005200184180718b xxu||||| |||| 00| 0 eng d aW51x54 aOur merchant navycby Ministry of Information and Broadcasting, India aDelhibMinistry of Information and Broadcastingc a23p. aIndia. Ministry of Information and Broadcasting